00695nam a2200121 4500008001300000082001800013100001800031245001600049260003300065300003500098505032900133650011100462751.73 T693m a751.73bT693m aMuseo Gurvich amurales TTG aUruguaybMuseo Gurvichc2007 a143 p.bil (col)c19,5 x 21 cm tPresentacióntLugar de encuentrorMartín GurvichtMurales TTGrSilvia ListurtIntegrantes TTGtEl arte para todosrCecilia de TorrestLista de murales / catalogacióntMuralestProyectos y bocetostLos murales de Saint BoistFotostLos murales y su entornotDocumentotUna decoración muralrJoaquín Torres García  xarte contemporáneoxpinturaxpintura muralxUruguayxcatálogo de exhibiciónxtaller Torres-García